Szczegóły MARC21

Le XVIIIe siècle. Pt. 1, Le mouvement des idées et les vocabulaires techniques. Fasc. 1, Philosophie politique, économique, politique, agriculture, commerce, industrie politique, finance /

003 -Nazwa inst., której nr kontr. jest w polu 001 [,]
    • @
    • Nazwa instytucji, której n kontrolny jest w polu 001
    • NUKAT
005 -DATA I CZAS OSTATNIEJ MODYFIKACJI [,]
    • @
    • pole kontrolne
    • 20260416130405.0
040 -Instytucja sporządzająca opis [ , ]
    • a
    • Instytucja, która sporządziła opis (NP)
    • WA U/71ZK
    • b
    • Język katalogowania
    • pol
    • e
    • Zasady katalogowania
    • rda
    • c
    • Instytucja, która sporządziła rekord (NP)
    • WA U/ZK
    • d
    • Instytucja, która zmodyfikowała rekord (P)
    • WA U/AB
    • d
    • Instytucja, która zmodyfikowała rekord (P)
    • LUBL U/Mkos
    • d
    • Instytucja, która zmodyfikowała rekord (P)
    • WA U/JOK
    • d
    • Instytucja, która zmodyfikowała rekord (P)
    • KAT U/JP
942 -Rodzaj dokumentu [ , ]
    • c
    • Rodzaj dokumentu
    • Książka
100 -Hasło główne - nazwa osobowa [1, ]
    • a
    • Nazwa osobowa (NP)
    • Brunot, Ferdinand
    • d
    • Daty biograficzne (NP)
    • (1860-1938).
    • e
    • Rodzaj współpracy
    • Autor
    • 9
    • KHW
    • 231062
245 -Strefa tytułu i oznaczenia odpowiedzialności [1,0]
    • a
    • Tytuł
    • Le XVIIIe siècle. Find
    • n
    • Oznaczenie części (P)
    • Pt. 1,
    • p
    • Nazwa części (P)
    • Le mouvement des idées et les vocabulaires techniques.
    • n
    • Oznaczenie części (P)
    • Fasc. 1,
    • p
    • Nazwa części (P)
    • Philosophie politique, économique, politique, agriculture, commerce, industrie politique, finance /
    • c
    • Pozostałe elementy strefy tytułu i oznaczenia odpowiedzialności (NP)
    • Ferdinand Brunot ; bibliographie établie par Frédéric Deloffre.
246 -Wariant tytułu [3,0]
    • a
    • Tytuł (NP)
    • Mouvement des idées et les vocabulaires techniques
246 -Wariant tytułu [3,0]
    • a
    • Tytuł (NP)
    • Philosophie politique, économique, politique, agriculture, commerce, industrie politique, finance
260 -Strefa adresu wydawniczego [ , ]
    • a
    • Miejsce wydania (P)
    • Paris :
    • b
    • Nazwa wydawcy (P)
    • Librairie Armand Colin,
    • c
    • Data wydania (P)
    • 1966.
300 -Strefa opisu fizycznego [ , ]
    • a
    • Określenie formy książki i/lub objętość (NP)
    • XXXIX, 519 stron ;
    • c
    • Format (NP)
    • 25 cm.
336 -Typ zawartości [ , ]
    • a
    • Termin opisujący typ zawartości
    • Tekst
    • b
    • Kod określający zawartość
    • txt
    • 2
    • Źródło (terminu i kodu)
    • rdacontent
337 -Typ mediów [ , ]
    • a
    • Tryb odtwarzania
    • Bez urządzenia pośredniczącego
    • b
    • Kod typu mediów
    • n
    • 2
    • Źródło (terminu i kodu)
    • rdamedia
338 -Typ/rodzaj nośnika [ , ]
    • a
    • Hasło opisujące typ nośnika
    • Wolumin
    • b
    • Kod typu nośnika
    • nc
    • 2
    • Źródło (terminu i kodu)
    • rdacarrier
380 -Deskryptor - Forma dzieła (P) [ , ]
    • a
    • forma dzieła (NP)
    • Książki
380 -Deskryptor - Forma dzieła (P) [ , ]
    • a
    • forma dzieła (NP)
    • Publikacje naukowe
388 -Deskryptor - czas powstania dzieła (P) [1, ]
    • a
    • Czas powstania dzieła (NP)
    • 1901-2000
388 -Deskryptor - czas powstania dzieła (P) [1, ]
    • a
    • Czas powstania dzieła (NP)
    • 1918-1939
490 -Strefa serii i książki wielotomowej - forma nie do wyszukiwania [1, ]
    • a
    • Tytuł (P)
    • Histoire de la langue française : des origines à nos jours / Ferdinand Brunot ; Find
    • v
    • Numeracja (P)
    • t. 6 pt., 1 fasc. 1
504 -Uwaga dot. bibliogr. załącznikowej [ , ]
    • a
    • Uwaga dot. bibliografii załącznikowej
    • Bibliografia na stronach XV-XXXIX.
080 -Uniwersalna Klasyfikacja Dziesiętna [ , ]
    • a
    • Symbol klasyfikacji
    • 804.0(091)=40
648 -Hasło przedmiotowe - chronologia [ ,7]
    • a
    • Deskryptor chronologiczny
    • 1701-1800
    • 2
    • Źródło terminu
    • DBN
    • 9
    • KHW
    • 720982
650 -Hasło przedmiotowe [ ,7]
    • a
    • Hasło przedmiotowe
    • Język francuski
    • 2
    • Źródło terminu
    • DBN
    • 9
    • KHW
    • 721716
650 -Hasło przedmiotowe [ ,7]
    • a
    • Hasło przedmiotowe
    • Język francuski
    • x
    • Określnik rzeczowy
    • historia.
    • 2
    • Źródło terminu
    • kaba
    • 9
    • KHW
    • 113090
655 -Hasło w funkcji tematu formalnego [ ,7]
    • a
    • Hasło
    • Opracowanie
    • 2
    • Źródło terminu
    • DBN
    • 9
    • KHW
    • 721206
658 -Ujęcie treści [ , ]
    • a
    • dziedzina nauki i sztuki/ sfera aktywności życiowej
    • Językoznawstwo
980 -Symbol UKD [ , ]
    • a
    • UKD
    • 804.0(091)=40
700 -Hasło dodatkowe - nazwa osobowa [1, ]
    • a
    • Nazwa osobowa (NP)
    • Deloffre, Frédéric Find
    • d
    • Daty biograficzne (NP)
    • (1921- ).
    • e
    • Określenie rodzaju współpracy
    • Bibliografia
    • 9
    • KHW
    • 596379
710 -Hasło dodatkowe - nazwa ciała zbiorowego [2, ]
    • a
    • Nazwa ciała zbiorowego lub nazwa geograficzna jako pierwszy element (NP)
    • Armand Colin.
    • e
    • Rodzaj współpracy
    • Wydawca
    • 4
    • Kod relacji
    • pbl
    • 9
    • KHW
    • 613533
800 -Hasło dodatkowe opisu książki wielotomowej - nazwa osobowa [1, ]
    • a
    • Nazwa osobowa (NP)
    • Brunot, Ferdinand
    • d
    • Daty biograficzne (NP)
    • (1860-1938).
    • t
    • Tytuł ujednolicony/tytuł (NP)
    • Histoire de la langue française
    • v
    • Oznaczenie tomu (NP)
    • t. 6 pt.,1 fasc. 1
    • 9
    • KHW
    • 596380
Sygnatura Numer inwentarzowy Status udost. Lokalizacja Data inwentaryzacji
FR. Historia jęz. franc. 01A.37651BM1996-10-28